[Collection of correspondence regarding an inscription on the gravestone of an auctioneer called Joseph Wright in a churchyard at Corby in Lincolnshire] (Record no. 116576)

MARC details
000 -LEADER
fixed length control field 00671ckc a22001935a 4500
001 - CONTROL NUMBER
control field L141081
008 - FIXED-LENGTH DATA ELEMENTS--GENERAL INFORMATION
fixed length control field 071026i19511958xxk eng u
035 ## - SYSTEM CONTROL NUMBER
System control number (Sirsi) u141081
041 0# - LANGUAGE CODE
Language code of text/sound track or separate title eng
110 2# - MAIN ENTRY--CORPORATE NAME
Corporate name or jurisdiction name as entry element Chartered Auctioneers' and Estate Agents' Institute
245 01 - TITLE STATEMENT
Title [Collection of correspondence regarding an inscription on the gravestone of an auctioneer called Joseph Wright in a churchyard at Corby in Lincolnshire]
Medium [manuscript]
260 ## - PUBLICATION, DISTRIBUTION, ETC.
Date of publication, distribution, etc. 1951-1958
300 ## - PHYSICAL DESCRIPTION
Extent 9 sheets
Dimensions 25 x 20 cm., or smaller
340 ## - PHYSICAL MEDIUM
Material base and configuration Typescript and manuscript
351 ## - ORGANIZATION AND ARRANGEMENT OF MATERIALS
Hierarchical level Fonds
651 4# - SUBJECT ADDED ENTRY--GEOGRAPHIC NAME
Geographic name Lincolnshire
690 ## - LOCAL SUBJECT ADDED ENTRY--TOPICAL TERM (OCLC, RLIN)
Topical term or geographic name as entry element PROPERTY-AUCTIONEERING-AUCTIONEERS
942 ## - ADDED ENTRY ELEMENTS (KOHA)
Suppress in OPAC 0
Holdings
Withdrawn status Lost status Source of classification or shelving scheme Damaged status Not for loan Home library Current library Shelving location Date acquired Total Checkouts Full call number Barcode Date last seen Copy number Price effective from Koha item type
    Dewey Decimal Classification     London London Basement 26/10/2007   BASEMENT BOX 4 141081-1001 06/08/2019 1 06/08/2019 Archive